书目信息 |
| 题名: |
粉体工程与设备
|
|
| 作者: | 陶珍东 , 郑少华 主编 | |
| 分册: | ||
| 出版信息: | 北京 化学工业出版社 2015.01 |
|
| 页数: | 382页 | |
| 开本: | 26cm | |
| 丛书名: | ||
| 单 册: | ||
| 中图分类: | TB44 | |
| 科图分类: | ||
| 主题词: | 粉末技术--高等教育--教材 , 粉体--设备--高等教育--教材 , 粉末技术 , 粉体 | |
| 电子资源: | ||
| ISBN: | 978-7-122-21671-7 | |
| 000 | 01206nam0 2200325 450 | |
| 001 | 0120151484476 | |
| 005 | 20170418154904.62 | |
| 010 | @a978-7-122-21671-7@dCNY59.00 | |
| 100 | @a20150127d2015 em y0chiy50 ea | |
| 101 | 0 | @achi |
| 102 | @aCN@b110000 | |
| 105 | @aak z 000yy | |
| 106 | @ar | |
| 200 | 1 | @a粉体工程与设备@9fen ti gong cheng yu she bei@f陶珍东,郑少华主编 |
| 205 | @a3版 | |
| 210 | @a北京@c化学工业出版社@d2015.01 | |
| 215 | @a382页@c图@d26cm | |
| 312 | @a封面英文题名:Power technology and equipment | |
| 330 | @a本书主要内容有:增加粉体工程发展、粉体的特性等;增加粉体颗粒粒径的表征;增加粉体堆积与填充的应用;增加粉体在液体介质中的分散与调控、粉体润湿的应用等内容;删除粉体的附着力内容。 | |
| 333 | @a本书既可以作为粉体工程相关行业工程技术人员和研究人员的参考书,也可以作为相关专业在校师生的教材或教学参考书 | |
| 510 | 1 | @aPower technology and equipment@zeng |
| 606 | 0 | @a粉末技术@x高等教育@j教材 |
| 606 | 0 | @a粉体@x设备@x高等教育@j教材 |
| 606 | 0 | @a粉末技术 |
| 606 | 0 | @a粉体 |
| 690 | @aTB44@v5 | |
| 701 | 0 | @a陶珍东@9tao zhen dong@4主编 |
| 701 | 0 | @a郑少华@9zheng shao hua@4主编 |
| 801 | 0 | @aCN@b人天书店@c20150127 |
| 905 | @b987460-63@dTB44@e381=3@f4 | |
| 粉体工程与设备/陶珍东,郑少华主编.-3版.-北京:化学工业出版社,2015.01 |
| 382页:图;26cm |
| 使用对象:本书既可以作为粉体工程相关行业工程技术人员和研究人员的参考书,也可以作为相关专业在校师生的教材或教学参考书 |
| ISBN 978-7-122-21671-7:CNY59.00 |
| 本书主要内容有:增加粉体工程发展、粉体的特性等;增加粉体颗粒粒径的表征;增加粉体堆积与填充的应用;增加粉体在液体介质中的分散与调控、粉体润湿的应用等内容;删除粉体的附着力内容。 |
| ● |
| 相关链接 |
|
|
|
|
正题名:粉体工程与设备
索取号:TB44/381=3
 
预约/预借
| 序号 | 登录号 | 条形码 | 馆藏地/架位号 | 状态 | 备注 |
| 1 | 987460 | 209874607 | 第二样本阅览室/ [索取号:TB44/381=3] | 在馆 | |
| 2 | 987461 | 209874616 | 第三借阅区/ [索取号:TB44/381=3] | 在馆 | |
| 3 | 987462 | 209874625 | 第三借阅区/ [索取号:TB44/381=3] | 在馆 | |
| 4 | 987463 | 209874634 | 密集书库-化学系/ [索取号:TB44/381=3] | 在馆 |